[Event "Bosilegrad"]
[Site "Bosilegrad"]
[Date "2009.05.25"]
[Round "9"]
[White "Organdziev, Oliver"]
[Black "Muratovic, Alija"]
[Result "0-1"]
[WhiteElo "2312"]
[BlackElo "2487"]
[PlyCount "58"]
[EventDate "2009.05.21"]
[EventType "tourn"]
[EventRounds "11"]
[EventCountry "YUG"]
[EventCategory "3"]
[SourceTitle "CBM 130 Extra"]
[Source "ChessBase"]
[SourceDate "2009.07.02"]
[SourceVersion "2"]
[SourceVersionDate "2009.07.15"]
[SourceQuality "1"]

1. e4 c6 2. d4 d5 3. e5 e6 4. f4 g6 5. Nf3 c5 6. c3 h5 7. Be3 b6 8. a4 Ne7 9. Bb5+ Nec6 10. a5 Bd7 11. axb6 Qxb6 12. Na3 Nxe5 13. fxe5 Bxb5 14. Nxb5 Qxb5 15. dxc5 Bxc5 16. Bxc5 Qxc5 17. Qe2 Nc6 18. 0-0-0 a5 19. Nd4 Nxd4 20. Rxd4 a4 21. Kc2 a3 22. Ra1 0-0 23. Rxa3 Rxa3 24. bxa3 Rc8 25. Qd3 Qxa3 26. Kd2 Rb8 27. Ke3 Rb3 28. Kd2 Rb2+ 29. Ke3 Rxg2 0-1

[Event "Crikvenica 5th"]
[Site "Crikvenica"]
[Date "2009.02.27"]
[Round "9"]
[White "Mrdja, Milan"]
[Black "Muratovic, Alija"]
[Result "1/2-1/2"]
[WhiteElo "2386"]
[BlackElo "2471"]
[PlyCount "54"]
[EventDate "2008.11.21"]
[EventType "tourn"]
[EventRounds "10"]
[EventCountry "CRO"]
[EventCategory "4"]
[SourceTitle "EXT 2010"]
[Source "ChessBase"]
[SourceDate "2010.11.25"]
[SourceVersion "1"]
[SourceVersionDate "2010.11.25"]
[SourceQuality "1"]

1. e4 e5 2. Nf3 Nc6 3. Bb5 a6 4. Ba4 Nf6 5. 0-0 Be7 6. Re1 b5 7. Bb3 0-0 8. a4 Bb7 9. d3 d6 10. Nc3 b4 11. Ne2 Na5 12. Ba2 b3 13. cxb3 c5 14. b4 cxb4 15. Ng3 Rc8 16. Bd2 Nc6 17. Bc4 a5 18. b3 Nb8 19. Nf5 Nbd7 20. Nxe7+ Qxe7 21. Nh4 g6 22. Bh6 Rfe8 23. Nf3 d5 24. exd5 Bxd5 25. Qe2 Qd6 26. Rad1 Qc6 27. Ng5 Re7 1/2-1/2

[Event "Crikvenica 5th"]
[Site "Crikvenica"]
[Date "2009.02.25"]
[Round "5"]
[White "Lovric, Branko"]
[Black "Muratovic, Alija"]
[Result "1/2-1/2"]
[WhiteElo "2355"]
[BlackElo "2471"]
[PlyCount "41"]
[EventDate "2008.11.21"]
[EventType "tourn"]
[EventRounds "10"]
[EventCountry "CRO"]
[EventCategory "4"]
[SourceTitle "EXT 2010"]
[Source "ChessBase"]
[SourceDate "2010.11.25"]
[SourceVersion "1"]
[SourceVersionDate "2010.11.25"]
[SourceQuality "1"]

1. d4 Nf6 2. c4 g6 3. Nc3 c5 4. d5 d6 5. Nf3 Bg7 6. e4 0-0 7. h3 e6 8. Bd3 exd5 9. cxd5 a6 10. a4 Re8 11. Bg5 Nbd7 12. 0-0 Qe7 13. Qd2 Qf8 14. Rfe1 h6 15. Bf4 g5 16. Bg3 Nh5 17. Bh2 Ne5 18. Nxe5 Bxe5 19. Bxe5 Rxe5 20. Bf1 Bd7 21. g3 1/2-1/2

[Event "Crikvenica 5th"]
[Site "Crikvenica"]
[Date "2009.02.24"]
[Round "4"]
[White "Muratovic, Alija"]
[Black "Mrdja, Milan"]
[Result "1-0"]
[WhiteElo "2471"]
[BlackElo "2386"]
[PlyCount "63"]
[EventDate "2008.11.21"]
[EventType "tourn"]
[EventRounds "10"]
[EventCountry "CRO"]
[EventCategory "4"]
[SourceTitle "EXT 2010"]
[Source "ChessBase"]
[SourceDate "2010.11.25"]
[SourceVersion "1"]
[SourceVersionDate "2010.11.25"]
[SourceQuality "1"]

1. c4 Nf6 2. g3 e6 3. Bg2 d5 4. Nf3 dxc4 5. Qa4+ Bd7 6. Qxc4 Bc6 7. 0-0 Nbd7 8. Nc3 Nb6 9. Qb3 a5 10. Qc2 a4 11. e4 a3 12. Ne5 axb2 13. Bxb2 Ba4 14. Nxa4 Nxa4 15. Rab1 Bd6 16. Ba1 Qc8 17. Nxf7 Kxf7 18. e5 Ra7 19. exf6 gxf6 20. Rxb7 Rxb7 21. Bxb7 Qxb7 22. Qxa4 Qd5 23. Qd7+ Be7 24. Qxc7 Qxa2 25. Bc3 Re8 26. Ra1 Qd5 27. Ra7 Qe4 28. Qc5 Qe1+ 29. Kg2 Qe4+ 30. Kh3 Kf8 31. Rxe7 Rxe7 32. Bxf6 1-0

[Event "Crikvenica Oct"]
[Site "Crikvenica"]
[Date "2008.10.29"]
[Round "3"]
[White "Popchev, Milko"]
[Black "Muratovic, Alija"]
[Result "1/2-1/2"]
[WhiteElo "2426"]
[BlackElo "2457"]
[PlyCount "32"]
[EventDate "2008.10.28"]
[EventType "tourn"]
[EventRounds "10"]
[EventCountry "CRO"]
[SourceTitle "EXT 2010"]
[Source "ChessBase"]
[SourceDate "2010.11.25"]
[SourceVersion "1"]
[SourceVersionDate "2010.11.25"]
[SourceQuality "1"]

1. Nf3 Nf6 2. g3 d5 3. Bg2 c6 4. 0-0 Bf5 5. b3 e6 6. Bb2 Be7 7. d4 0-0 8. c4 Nbd7 9. Nc3 Ne4 10. Nd2 Nxc3 11. Bxc3 Nf6 12. Re1 a5 13. e4 dxe4 14. Nxe4 Nxe4 15. Bxe4 Bxe4 16. Rxe4 Bf6 1/2-1/2

[Event "Crikvenica Oct"]
[Site "Crikvenica"]
[Date "2008.10.28"]
[Round "2"]
[White "Muratovic, Alija"]
[Black "Mrdja, Milan"]
[Result "1/2-1/2"]
[WhiteElo "2457"]
[BlackElo "2401"]
[PlyCount "28"]
[EventDate "2008.10.28"]
[EventType "tourn"]
[EventRounds "10"]
[EventCountry "CRO"]
[SourceTitle "EXT 2010"]
[Source "ChessBase"]
[SourceDate "2010.11.25"]
[SourceVersion "1"]
[SourceVersionDate "2010.11.25"]
[SourceQuality "1"]

1. e4 c5 2. Nf3 d6 3. b3 Nc6 4. Bb2 Nf6 5. Nc3 e6 6. Bb5 Bd7 7. 0-0 Be7 8. Re1 0-0 9. Bxc6 Bxc6 10. d4 cxd4 11. Nxd4 Qc7 12. Qd3 a6 13. Rad1 Rad8 14. Nxc6 Qxc6 1/2-1/2

[Event "Sofia Grigorov Memorial 6th"]
[Site "Sofia"]
[Date "2008.01.11"]
[Round "7"]
[White "Muratovic, Alija"]
[Black "Dobrev, Nanko"]
[Result "1-0"]
[WhiteElo "2443"]
[BlackElo "2427"]
[PlyCount "79"]
[EventDate "2008.01.06"]
[EventType "swiss"]
[EventRounds "7"]
[EventCountry "BUL"]
[SourceTitle "CBM 122 Extra"]
[Source "ChessBase"]
[SourceDate "2008.03.04"]
[SourceVersion "1"]
[SourceVersionDate "2008.03.04"]
[SourceQuality "1"]

1. e4 e5 2. Nf3 Nc6 3. Bb5 a6 4. Ba4 g6 5. c3 d6 6. d4 Bd7 7. Bg5 f6 8. Be3 Nh6 9. 0-0 Bg7 10. Bb3 Qe7 11. Nbd2 Nf7 12. Re1 0-0 13. Nf1 Kh8 14. Ng3 Rae8 15. h3 Ncd8 16. Qd2 Ne6 17. Rad1 Bc8 18. Nh2 h5 19. Bc2 Kh7 20. Ne2 Bh6 21. f4 exf4 22. Nxf4 Nxf4 23. Bxf4 Bxf4 24. Qxf4 Kg7 25. Qg3 Nh6 26. Nf3 Qf7 27. b3 f5 28. e5 dxe5 29. Nxe5 Qf6 30. Qf3 c6 31. Re2 Nf7 32. Rde1 Nxe5 33. Rxe5 Rxe5 34. dxe5 Qe7 35. c4 Be6 36. Qe3 b5 37. Bd3 bxc4 38. Bxc4 Bxc4 39. bxc4 Qe6 40. Qc5 1-0

[Event "SRB-chT 1st League"]
[Site "Vrnjacka Banja"]
[Date "2007.??.??"]
[Round "11.5"]
[White "Bogosavljevic, Boban"]
[Black "Muratovic, Alija"]
[Result "1/2-1/2"]
[WhiteElo "2491"]
[BlackElo "2476"]
[PlyCount "20"]
[EventDate "2007.09.08"]
[EventType "team"]
[EventRounds "11"]
[EventCountry "SRB"]
[SourceTitle "EXT 2012"]
[Source "ChessBase"]
[SourceDate "2011.11.24"]
[SourceVersion "1"]
[SourceVersionDate "2011.11.24"]
[SourceQuality "1"]
[WhiteTeam "Nis"]
[BlackTeam "Novi Pazar INA Dizajn"]
[WhiteTeamCountry "SRB"]
[BlackTeamCountry "SRB"]

1. Nf3 Nf6 2. g3 d5 3. Bg2 e6 4. 0-0 c5 5. d4 Nc6 6. b3 Be7 7. Bb2 0-0 8. Nbd2 cxd4 9. Nxd4 Nxd4 10. Bxd4 b6 1/2-1/2

[Event "SRB-chT 1st League"]
[Site "Vrnjacka Banja"]
[Date "2007.??.??"]
[Round "8.5"]
[White "Muratovic, Alija"]
[Black "Trifunovic, Miroljub"]
[Result "0-1"]
[WhiteElo "2476"]
[BlackElo "2270"]
[PlyCount "102"]
[EventDate "2007.09.08"]
[EventType "team"]
[EventRounds "11"]
[EventCountry "SRB"]
[SourceTitle "EXT 2012"]
[Source "ChessBase"]
[SourceDate "2011.11.24"]
[SourceVersion "1"]
[SourceVersionDate "2011.11.24"]
[SourceQuality "1"]
[WhiteTeam "Novi Pazar INA Dizajn"]
[BlackTeam "Bozevac Zadrugar"]
[WhiteTeamCountry "SRB"]
[BlackTeamCountry "SRB"]

1. e4 e5 2. Nf3 Nc6 3. Bb5 a6 4. Ba4 Nf6 5. 0-0 Be7 6. Bxc6 dxc6 7. d3 Nd7 8. Nbd2 0-0 9. Nc4 f6 10. Nh4 g6 11. Na5 Rf7 12. Bd2 Nf8 13. Bc3 c5 14. a4 Ne6 15. g3 Nd4 16. f3 b6 17. Nc4 Be6 18. b3 Qd7 19. Qd2 Raf8 20. Ng2 b5 21. axb5 axb5 22. Nce3 f5 23. exf5 gxf5 24. f4 e4 25. Kh1 exd3 26. Qxd3 Bf6 27. Rad1 Qc6 28. Rf2 Rd7 29. Qf1 Rd6 30. Rfd2 Bc8 31. b4 Bb7 32. Qf2 Rfd8 33. h3 Bg7 34. Rd3 c4 35. R3d2 Qe4 36. h4 Nxc2 37. Rxd6 Rxd6 38. Rxd6 cxd6 39. Nxc2 Bxc3 40. Kh2 Bg7 41. Kh3 d5 42. Qb6 d4 43. Nce1 d3 44. Qd8+ Bf8 45. Qg5+ Kf7 46. Qh5+ Ke6 47. Qe8+ Be7 48. Qxb5 d2 49. Nf3 Qxf3 50. Qe5+ Kd7 51. Qxf5+ Ke8 0-1

[Event "Sofia"]
[Site "Sofia"]
[Date "2006.12.04"]
[Round "7"]
[White "Muratovic, Alija"]
[Black "Mrdja, Milan"]
[Result "1-0"]
[WhiteElo "2462"]
[BlackElo "2400"]
[PlyCount "47"]
[EventDate "2006.11.29"]
[EventType "tourn"]
[EventRounds "11"]
[EventCountry "BUL"]
[EventCategory "7"]
[SourceTitle "CBM 115 Extra"]
[Source "ChessBase"]
[SourceDate "2007.01.10"]
[SourceVersion "1"]
[SourceVersionDate "2007.01.10"]
[SourceQuality "1"]

1. e4 c5 2. Nf3 d6 3. d4 cxd4 4. Nxd4 Nf6 5. Nc3 a6 6. Bg5 e6 7. f4 Qc7 8. Qf3 Nc6 9. 0-0-0 Nxd4 10. Rxd4 Be7 11. Rd2 0-0 12. Bd3 Rb8 13. e5 Ne8 14. Ne4 f5 15. exf6 Nxf6 16. Nxf6+ Bxf6 17. h4 d5 18. Qh5 g6 19. Qe2 Qg7 20. Bxf6 Qxf6 21. h5 Bd7 22. hxg6 hxg6 23. Rh6 Be8 24. g3 1-0

[Event "Sofia"]
[Site "Sofia"]
[Date "2006.12.02"]
[Round "4"]
[White "Popovic, Milos T"]
[Black "Muratovic, Alija"]
[Result "0-1"]
[WhiteElo "2408"]
[BlackElo "2462"]
[PlyCount "74"]
[EventDate "2006.11.29"]
[EventType "tourn"]
[EventRounds "11"]
[EventCountry "BUL"]
[EventCategory "7"]
[SourceTitle "CBM 115 Extra"]
[Source "ChessBase"]
[SourceDate "2007.01.10"]
[SourceVersion "1"]
[SourceVersionDate "2007.01.10"]
[SourceQuality "1"]

1. d4 Nf6 2. c4 e6 3. Nf3 b6 4. g3 Bb7 5. Bg2 Be7 6. Nc3 0-0 7. 0-0 Ne4 8. Qc2 Nxc3 9. bxc3 d5 10. Ne5 Nd7 11. Nxd7 Qxd7 12. cxd5 exd5 13. e4 dxe4 14. Bxe4 Bxe4 15. Qxe4 Rae8 16. Kg2 f5 17. Qf3 f4 18. gxf4 Bd6 19. Bd2 Rf5 20. Rae1 Ref8 21. Re4 Qf7 22. Rfe1 Qxa2 23. R1e2 Qf7 24. Kh1 a5 25. Re1 Qd5 26. Qg2 Bxf4 27. Rxf4 Qxg2+ 28. Kxg2 Rxf4 29. Bxf4 Rxf4 30. Re7 Rf7 31. Re8+ Rf8 32. Re7 Rc8 33. Kf3 Kf8 34. Re2 a4 35. Ra2 Ra8 36. Ke4 Ke7 37. Kd3 b5 0-1

[Event "Sofia"]
[Site "Sofia"]
[Date "2006.12.01"]
[Round "3"]
[White "Muratovic, Alija"]
[Black "Popchev, Milko"]
[Result "1-0"]
[WhiteElo "2462"]
[BlackElo "2413"]
[PlyCount "83"]
[EventDate "2006.11.29"]
[EventType "tourn"]
[EventRounds "11"]
[EventCountry "BUL"]
[EventCategory "7"]
[SourceTitle "CBM 115 Extra"]
[Source "ChessBase"]
[SourceDate "2007.01.10"]
[SourceVersion "1"]
[SourceVersionDate "2007.01.10"]
[SourceQuality "1"]

1. e4 c6 2. d4 Na6 3. Nc3 Nc7 4. Bf4 d6 5. Nf3 g6 6. Qd2 Bg7 7. 0-0-0 Nf6 8. h4 Bg4 9. Be2 Qd7 10. e5 Nfd5 11. exd6 Nxf4 12. Qxf4 exd6 13. Ne4 0-0-0 14. Nxd6+ Qxd6 15. Qxg4+ Kb8 16. h5 Nd5 17. hxg6 hxg6 18. Rxh8 Rxh8 19. Kb1 Re8 20. Bc4 Re7 21. g3 Kc7 22. a3 f5 23. Qg5 Nb6 24. Bd3 Nd7 25. c3 Nf8 26. Nd2 Bf6 27. Qh6 Rh7 28. Qe3 Ne6 29. Nc4 Qd5 30. Ne5 Bxe5 31. dxe5 b6 32. Bc2 Rh1 33. Rxh1 Qxh1+ 34. Ka2 Nc5 35. b4 Qd5+ 36. Kb2 Ne4 37. Bxe4 fxe4 38. Qf4 Kd7 39. g4 Qc4 40. Qd2+ Ke8 41. Qd6 Qe2+ 42. Kb3 1-0

[Event "SRB-chT 1st League"]
[Site "Vrnjacka Banja"]
[Date "2006.10.14"]
[Round "6.2"]
[White "Ristic, Nenad"]
[Black "Muratovic, Alija"]
[Result "1-0"]
[WhiteElo "2441"]
[BlackElo "2445"]
[PlyCount "81"]
[EventDate "2006.09.09"]
[EventType "team"]
[EventRounds "11"]
[EventCountry "SRB"]
[SourceTitle "EXT 2012"]
[Source "ChessBase"]
[SourceDate "2011.11.24"]
[SourceVersion "1"]
[SourceVersionDate "2011.11.24"]
[SourceQuality "1"]
[WhiteTeam "Smederevska Palanka Jasenica"]
[BlackTeam "Novi Pazar INA Dizajn"]
[WhiteTeamCountry "SRB"]
[BlackTeamCountry "SRB"]

1. e4 e5 2. Nf3 Nc6 3. Bb5 g6 4. d4 exd4 5. Bg5 Be7 6. Bxe7 Ngxe7 7. Nxd4 d5 8. Nc3 0-0 9. exd5 Nb4 10. 0-0 Nbxd5 11. Ne4 c6 12. Bc4 Nb6 13. Bb3 Nf5 14. Nxf5 Bxf5 15. Nd6 Qf6 16. Nxf5 Qxf5 17. Re1 Rad8 18. Qe2 Rd7 19. Rad1 Rfd8 20. Rxd7 Rxd7 21. g3 Kg7 22. Qe3 Qf6 23. c3 Nc8 24. Kg2 Ne7 25. Re2 b6 26. Qc1 Qd6 27. Qg5 Nf5 28. Qg4 c5 29. Qf3 Nh6 30. g4 Re7 31. Rxe7 Qxe7 32. h3 f5 33. Qf4 g5 34. Qf3 Qd7 35. Qe3 Kf6 36. f4 gxf4 37. Qxf4 Nf7 38. h4 h6 39. Bc2 Qd5+ 40. Kg3 Nd6 41. Qxh6+ 1-0

[Event "SRB-chT 1st League"]
[Site "Vrnjacka Banja"]
[Date "2006.09.23"]
[Round "3.1"]
[White "Aleksic, Nenad"]
[Black "Muratovic, Alija"]
[Result "0-1"]
[WhiteElo "2392"]
[BlackElo "2445"]
[PlyCount "114"]
[EventDate "2006.09.09"]
[EventType "team"]
[EventRounds "11"]
[EventCountry "SRB"]
[SourceTitle "EXT 2012"]
[Source "ChessBase"]
[SourceDate "2011.11.24"]
[SourceVersion "1"]
[SourceVersionDate "2011.11.24"]
[SourceQuality "1"]
[WhiteTeam "Kragujevac Radnicki"]
[BlackTeam "Novi Pazar INA Dizajn"]
[WhiteTeamCountry "SRB"]
[BlackTeamCountry "SRB"]

1. e4 e5 2. Nf3 Nc6 3. c3 f5 4. d4 fxe4 5. Nxe5 Qf6 6. Ng4 Qg6 7. Bf4 h5 8. Ne3 Nf6 9. Nd2 d6 10. h4 Bd7 11. g3 0-0-0 12. Qe2 Kb8 13. Bh3 Bxh3 14. Rxh3 Qf7 15. Qc4 d5 16. Qe2 Bd6 17. Ng2 Ng4 18. Nf1 Ne7 19. Nfe3 Bxf4 20. Nxf4 Nxe3 21. fxe3 Rd6 22. 0-0-0 Qe8 23. Kb1 g6 24. g4 hxg4 25. Qxg4 a5 26. Rdh1 Rg8 27. Qe2 Qf7 28. Rg1 Rf6 29. Rhg3 c6 30. a3 Rh8 31. Rg4 Rh6 32. h5 gxh5 33. Rg7 Qe8 34. c4 Rf7 35. cxd5 Rxg7 36. Rxg7 Nxd5 37. Qh2 Ka7 38. Nxd5 cxd5 39. Qc7 Qb5 40. Qf4 Qd3+ 41. Ka2 Rc6 42. Rg8 Qc4+ 43. Ka1 Rc7 44. Rg1 a4 45. Qe5 h4 46. Qh2 Rh7 47. Rg8 Rc7 48. Rg1 Rf7 49. Qxh4 Rf1+ 50. Rxf1 Qxf1+ 51. Ka2 Qc4+ 52. Ka1 Qc1+ 53. Ka2 Qxe3 54. Qd8 Qb3+ 55. Ka1 Qb5 56. Qc7 Qf1+ 57. Ka2 Qc4+ 0-1

[Event "SRB-chT 1st League"]
[Site "Vrnjacka Banja"]
[Date "2006.09.09"]
[Round "1.2"]
[White "Muratovic, Alija"]
[Black "Sredojevic, Ivan"]
[Result "1/2-1/2"]
[WhiteElo "2445"]
[BlackElo "2349"]
[PlyCount "24"]
[EventDate "2006.09.09"]
[EventType "team"]
[EventRounds "11"]
[EventCountry "SRB"]
[SourceTitle "EXT 2012"]
[Source "ChessBase"]
[SourceDate "2011.11.24"]
[SourceVersion "1"]
[SourceVersionDate "2011.11.24"]
[SourceQuality "1"]
[WhiteTeam "Novi Pazar INA Dizajn"]
[BlackTeam "Gornji Milanovac Metalac"]
[WhiteTeamCountry "SRB"]
[BlackTeamCountry "SRB"]

1. e4 c5 2. Nf3 d6 3. d4 cxd4 4. Nxd4 Nf6 5. Nc3 a6 6. Bg5 e6 7. f4 Nbd7 8. Qf3 Qc7 9. 0-0-0 b5 10. Bd3 Bb7 11. Rhe1 Be7 12. g4 b4 1/2-1/2

[Event "Mionica St Nikolay 3rd"]
[Site "Mionica"]
[Date "2006.07.12"]
[Round "3"]
[White "Savic, Miodrag R"]
[Black "Muratovic, Alija"]
[Result "1-0"]
[WhiteElo "2518"]
[BlackElo "2445"]
[PlyCount "135"]
[EventDate "2006.07.10"]
[EventType "tourn"]
[EventRounds "9"]
[EventCountry "YUG"]
[EventCategory "7"]
[SourceTitle "CBM 113 Extra"]
[Source "ChessBase"]
[SourceDate "2006.09.14"]
[SourceVersion "1"]
[SourceVersionDate "2006.09.14"]
[SourceQuality "1"]

1. e4 e5 2. Nf3 Nc6 3. Bc4 Bc5 4. c3 Nf6 5. d3 d6 6. 0-0 0-0 7. Bg5 h6 8. Bh4 Bg4 9. h3 Bxf3 10. Qxf3 g5 11. Bg3 Kg7 12. b4 Bb6 13. Na3 a5 14. b5 Ne7 15. Nc2 Ng6 16. Ne3 Bxe3 17. fxe3 Qe7 18. Rf2 Nd7 19. Raf1 f6 20. Qg4 Rae8 21. Bd5 b6 22. d4 Nb8 23. a4 Qd7 24. Qh5 c6 25. Bc4 Re7 26. Rf5 Qe8 27. Qf3 cxb5 28. Bxb5 Qf7 29. Qe2 Qe6 30. Bd3 Rc7 31. Qb2 Nd7 32. Bb5 Nb8 33. R5f2 Qc8 34. Qa3 Qe6 35. Be2 Qd7 36. Bh5 Qe7 37. Bg4 Nd7 38. Qb3 Rc6 39. Qb5 Nb8 40. c4 Qb7 41. Bf5 Qa6 42. Bxg6 Kxg6 43. dxe5 dxe5 44. Bxe5 Qxb5 45. cxb5 Re6 46. Bd4 Nd7 47. Rc2 Ne5 48. Kf2 Nd3+ 49. Kf3 Rfe8 50. Ke2 Nb4 51. Rc7 Rd6 52. Kf3 Ree6 53. Rd1 h5 54. g4 h4 55. Rd2 Re8 56. Rb7 Ree6 57. Ke2 Kh6 58. Bc3 Rxd2+ 59. Kxd2 Rxe4 60. Bxf6 Nd5 61. Bd4 Re6 62. Kd3 Kg6 63. Ke2 Kh6 64. Kf3 Kg6 65. e4 Nf4 66. Rxb6 Rxb6 67. Bxb6 Nxh3 68. Be3 1-0

[Event "Serbia-ch"]
[Site "Vrnjacka Banja"]
[Date "2006.02.05"]
[Round "9"]
[White "Keserovic, Milan"]
[Black "Muratovic, Alija"]
[Result "1-0"]
[WhiteElo "2225"]
[BlackElo "2437"]
[PlyCount "33"]
[EventDate "2006.01.30"]
[EventType "swiss"]
[EventRounds "9"]
[EventCountry "YUG"]
[SourceTitle "CBM 110 Extra"]
[Source "ChessBase"]
[SourceDate "2006.03.10"]
[SourceVersion "2"]
[SourceVersionDate "2006.03.10"]
[SourceQuality "1"]

1. e4 e5 2. Nf3 Nc6 3. Bb5 a6 4. Ba4 Nf6 5. 0-0 Be7 6. d4 exd4 7. e5 Ne4 8. Re1 Nc5 9. Bxc6 dxc6 10. Nxd4 0-0 11. Nc3 Ne6 12. Nf5 Bg5 13. Qg4 g6 14. Ne4 gxf5 15. Qxf5 Nd4 16. Qxg5+ Qxg5 17. Bxg5 1-0

[Event "Serbia-ch"]
[Site "Vrnjacka Banja"]
[Date "2006.02.02"]
[Round "6"]
[White "Muratovic, Alija"]
[Black "Kahrovic, Mersid"]
[Result "0-1"]
[WhiteElo "2437"]
[BlackElo "2253"]
[PlyCount "108"]
[EventDate "2006.01.30"]
[EventType "swiss"]
[EventRounds "9"]
[EventCountry "YUG"]
[SourceTitle "CBM 110 Extra"]
[Source "ChessBase"]
[SourceDate "2006.03.10"]
[SourceVersion "2"]
[SourceVersionDate "2006.03.10"]
[SourceQuality "1"]

1. e4 Nc6 2. d4 e5 3. d5 Nce7 4. c4 Nf6 5. Nc3 Ng6 6. Nf3 Bc5 7. Bd3 d6 8. h3 0-0 9. 0-0 Nh5 10. Na4 Bb6 11. Kh2 Nhf4 12. Nxb6 axb6 13. Ng1 Qd7 14. Bc2 f6 15. Be3 Nh8 16. Qd2 g5 17. Bd1 Qe7 18. a4 Bd7 19. b3 Qg7 20. Bf3 h6 21. Qd1 Qh7 22. g3 Nfg6 23. Bg4 f5 24. exf5 Bxf5 25. Bxf5 Rxf5 26. Ne2 h5 27. Nc3 g4 28. h4 Qe7 29. Kg2 Raf8 30. Ne4 Nf4+ 31. Kh2 Nhg6 32. Rh1 Nxh4 33. Kg1 Nf3+ 34. Kf1 Nh3 35. Ke2 Nd4+ 36. Kd3 Qh7 37. Kc3 Rf3 38. Rxh3 gxh3 39. Ng5 Qf5 40. Nxf3 Nxf3 41. Qh1 Qg4 42. Kb4 h2 43. Qg2 h4 44. Rf1 h3 45. Qh1 c5+ 46. dxc6 bxc6 47. Ka3 Qe4 48. Rd1 d5 49. cxd5 cxd5 50. Bxb6 d4 51. Rc1 Qd3 52. Rc7 e4 53. Qc1 Nd2 54. a5 Qxb3# 0-1

[Event "SRB-chT 1st League"]
[Site "Serbia"]
[Date "2005.09.28"]
[Round "6.5"]
[White "Irizanin, Radoje"]
[Black "Muratovic, Alija"]
[Result "0-1"]
[WhiteElo "2228"]
[BlackElo "2417"]
[PlyCount "118"]
[EventDate "2005.09.25"]
[EventType "team"]
[EventRounds "11"]
[EventCountry "SRB"]
[SourceTitle "EXT 2012"]
[Source "ChessBase"]
[SourceDate "2011.11.24"]
[SourceVersion "1"]
[SourceVersionDate "2011.11.24"]
[SourceQuality "1"]
[WhiteTeam "Takovo Metalac"]
[BlackTeam "Novi Pazar INA Dizajn"]
[WhiteTeamCountry "SRB"]
[BlackTeamCountry "SRB"]

1. d4 d5 2. Nf3 Nf6 3. c4 e6 4. Nc3 c6 5. Bg5 Nbd7 6. cxd5 exd5 7. e3 h6 8. Bf4 Nb6 9. Bd3 Bd6 10. Ne5 0-0 11. Qc2 Nh5 12. Bh7+ Kh8 13. Nxf7+ Rxf7 14. Bxd6 Qxd6 15. Bg6 Bf5 16. Bxf5 Raf8 17. Bd3 Rxf2 18. Qxf2 Rxf2 19. Kxf2 c5 20. g3 cxd4 21. exd4 Qf6+ 22. Kg2 Qxd4 23. Rad1 Qb4 24. Rhe1 Nf6 25. Re2 Kg8 26. Rde1 d4 27. Ne4 Ng4 28. Rc1 Ne3+ 29. Kg1 Qe7 30. Nd2 Qd8 31. Nf1 Nbd5 32. Nxe3 Nxe3 33. Bg6 Qd7 34. Rc5 Qe6 35. Bd3 Qxa2 36. Rc8+ Kf7 37. Rc7+ Kf6 38. Rf2+ Ke6 39. Rc1 Qb3 40. Bg6 Qb6 41. Bd3 Ke5 42. Re1 Qb4 43. Rc1 Qa5 44. h3 Kd6 45. Kh2 h5 46. Rc8 h4 47. Rcf8 hxg3+ 48. Kxg3 Qe5+ 49. Kf3 Qh5+ 50. Kg3 Qg5+ 51. Kf3 Qd5+ 52. Kg3 Qe5+ 53. Kf3 g5 54. Be4 Ke7 55. Ke2 Qxe4 56. R2f7+ Kd6 57. Rd8+ Kc5 58. Rc8+ Kb5 59. Kd2 Nc4+ 0-1

[Event "SRB-chT 1st League"]
[Site "Serbia"]
[Date "2005.09.25"]
[Round "1.3"]
[White "Muratovic, Alija"]
[Black "Panic, Nenad"]
[Result "0-1"]
[WhiteElo "2417"]
[BlackElo "2314"]
[PlyCount "94"]
[EventDate "2005.09.25"]
[EventType "team"]
[EventRounds "11"]
[EventCountry "SRB"]
[SourceTitle "EXT 2012"]
[Source "ChessBase"]
[SourceDate "2011.11.24"]
[SourceVersion "1"]
[SourceVersionDate "2011.11.24"]
[SourceQuality "1"]
[WhiteTeam "Novi Pazar INA Dizajn"]
[BlackTeam "Sloga"]
[WhiteTeamCountry "SRB"]
[BlackTeamCountry "SRB"]

1. e4 c5 2. Nf3 e6 3. d4 cxd4 4. Nxd4 a6 5. Bd3 Nc6 6. Nxc6 dxc6 7. 0-0 e5 8. Qe2 Nf6 9. a4 Bg4 10. f3 Bc5+ 11. Be3 Qb6 12. Bxc5 Qxc5+ 13. Kh1 Be6 14. Nd2 Rd8 15. Nc4 Bxc4 16. Bxc4 b5 17. Bd3 0-0 18. Qe1 Rd4 19. axb5 axb5 20. Ra6 Rc8 21. Qa5 Ra4 22. Qb6 Qxb6 23. Rxb6 Ra7 24. Bxb5 cxb5 25. Rxb5 Nd7 26. Rd1 f6 27. c3 Kf7 28. Kg1 Ke7 29. Kf2 Rc6 30. Ke3 Nb6 31. f4 Nc4+ 32. Kf3 exf4 33. Kxf4 Nd6 34. Rbd5 Nc4 35. Rb5 g5+ 36. Kf3 h5 37. h4 Ne5+ 38. Ke3 gxh4 39. Rh1 Ke6 40. Rxh4 Rg7 41. Kf2 Rd6 42. Rd5 Rxd5 43. exd5+ Kxd5 44. Rxh5 Ke4 45. Rh4+ Ng4+ 46. Ke2 f5 47. Kd2 f4 0-1

[Event "Belgrade Trophy 17th"]
[Site "Obrenovac"]
[Date "2004.11.28"]
[Round "7"]
[White "Muratovic, Alija"]
[Black "Radosavljevic, Slobodan D"]
[Result "1/2-1/2"]
[WhiteElo "2376"]
[BlackElo "2231"]
[PlyCount "24"]
[EventDate "2004.11.22"]
[EventType "swiss"]
[EventRounds "9"]
[EventCountry "YUG"]
[SourceTitle "CBM 103 Extra"]
[Source "ChessBase"]
[SourceDate "2005.01.01"]
[SourceVersion "1"]
[SourceVersionDate "2005.01.01"]
[SourceQuality "1"]

1. e4 e5 2. Nf3 d6 3. Bc4 Be7 4. d4 exd4 5. Nxd4 Nf6 6. Nc3 0-0 7. 0-0 Nc6 8. h3 h6 9. Re1 Re8 10. Bf4 Bf8 11. Qd2 Nxd4 12. Qxd4 Be6 1/2-1/2